00983nam a2200313Ia 450000500170000000800410001702000180005804000360007604100080011210000300012024500710015025000130022126000550023430000180028949000250030750501010033265000220043365000180045565000200047370000260049374000150051974000090053474000200054374000140056374000120057774000150058974000150060483000500061920211111074856.0130821s2005 mx gr spa  a9789700756110 aCo-BoUCMbspac[Nuevo]d[Nuevo]00aspa1 aSófoclesd497-406 A. C.14aLas siete tragediascSofocles; traducción de Angel Ma. Garibay K a30a. ed. aMéxico D.F. (México)bEditorial Porrúac2005 a298 páginas aSepan Cuantos...v14 aAyax. -- Filoctetes. -- Electra. -- Traquinias. -- Edipo Rey. -- Edipo en Colono. -- Antígona.04aLiteratura griega04aTeatro griego04aTragedia griega1 aGaribay K., Angel Ma.10aAntígona10aAyax10aEdipo en Colono10aEdipo Rey10aElectra10aFiloctetes10aTraquinias aBibliografía Básica Medio Universitario.